01774nam a2200373 a 4500001001200000003000800012006001900020007001500039008004100054010001700095020002900112020002600141020002700167040002100194035002100215050002300236082001200259245015300271260005800424300002700482504005100509505034600560533015200906650002801058650003101086650003701117655002901154700002001183700002101203700001601224710001701240856012601257999001701383ebr10660554CaPaEBRm o u cr cn|||||||||110608s2011 enka sb 001 0 eng d z 2011019207 z9781848212305 (hardback) z1848212305 (hardback) z9781118600948 (e-book) aCaPaEBRcCaPaEBR a(OCoLC)82842363414aTA656b.C68 2011eb04a62422300aConstruction reliabilityh[electronic resource] :bsafety, variability and sustainability /cedited by Julien Baroth, Franck Schoefs, Denys Breysse. aLondon :bISTE ;aHoboken, N.J. :bJohn Wiley,c2011. axxxiii, 329 p. :bill. aIncludes bibliographical references and index.0 apt. 1. Qualitative methods for evaluating the reliability of civil engineering structures -- pt. 2. Heterogeneity and variability of materials : consequences for safety and reliability -- pt. 3. Metamodels for structural reliability -- pt. 4. Methods for structural reliability over time -- pt. 5. Reliability-based maintenance optimization. aElectronic reproduction.bPalo Alto, Calif. :cebrary,d2015.nAvailable via World Wide Web.nAccess may be limited to ebrary affiliated libraries. 0aBuildingsxReliability. 0aPublic worksxReliability. 0aStructural failuresxPrevention. 7aElectronic books.2local1 aBaroth, Julien.1 aSchoefs, Franck.1 aBreysse, D.2 aebrary, Inc.40uhttp://site.ebrary.com/lib/rucke/Doc?id=10660554zAn electronic book accessible through the World Wide Web; click to view c67803d67803